[Event "CAN-ch U14"]
[Site "Ottawa"]
[Date "2013.07.12"]
[Round "5"]
[White "Mainville, Yanic"]
[Black "Godbout, Gordan"]
[Result "0-1"]
[WhiteElo "905"]
[BlackElo "615"]
[PlyCount "150"]
[EventDate "2013.07.10"]
[EventType "swiss"]
[EventRounds "6"]
[EventCountry "CAN"]
[SourceTitle "EXT 2022"]
[Source "ChessBase"]
[SourceDate "2021.10.06"]
[SourceVersion "1"]
[SourceVersionDate "2021.10.06"]
[SourceQuality "1"]

1. e4 Nh6 2. d4 b6 3. Nc3 Nc6 4. Nf3 g6 5. Bc4 e6 6. Bf4 Na5 7. Bd3 Ng4 8. 0-0 Bg7 9. h3 Nf6 10. Bg5 0-0 11. Qd2 Nc6 12. d5 h6 13. Bh4 g5 14. Bg3 Nh5 15. Bh2 Nb8 16. e5 Ba6 17. Nb5 c6 18. dxc6 dxc6 19. Qe3 cxb5 20. Qe4 f5 21. exf6 Nxf6 22. Qg6 b4 23. c4 Qe8 24. Qxe8 Rxe8 25. b3 b5 26. cxb5 Rd8 27. Bc4 Ne4 28. bxa6 Bxa1 29. Rxa1 Nc5 30. Nd4 Rxd4 31. Be2 Nbxa6 32. Be5 Rd2 33. Bf3 Nd3 34. Bg3 Rd8 35. Rb1 Rc8 36. Bb7 Rc1+ 37. Rxc1 Nxc1 38. Bxa6 Nxa2 39. Bc4 Kf7 40. h4 Rd1+ 41. Kh2 Nc3 42. hxg5 hxg5 43. Kh3 Rd4 44. Bb8 a5 45. Ba7 Rh4+ 46. Kg3 Ne4+ 47. Kf3 Rf4+ 48. Ke2 Nc3+ 49. Kd2 a4 50. g3 Re4 51. f3 Nb1+ 52. Kc2 axb3+ 53. Kxb3 Re1 54. Bc5 Na3 55. Bxb4 Re3+ 56. Bc3 Rxf3 57. Kb4 Rxg3 58. Bb2 Nc2+ 59. Ka4 g4 60. Be5 Ra3+ 61. Kb5 g3 62. Bf1 Rb3+ 63. Kc4 Rb4+ 64. Kc3 Rb1 65. Bg2 Rg1 66. Be4 Re1 67. Bxc2 Rxe5 68. Kd4 Rg5 69. Ke3 g2 70. Be4 g1Q+ 71. Ke2 Rg3 72. Kd2 Qh2+ 73. Bg2 Qxg2+ 74. Ke1 Qh2 75. Kf1 Rg1# 0-1